000 00549nam a22001817a 4500
999 _c193143
_d193143
005 20221017115140.0
010 _aENG-135438
020 _a9789380658513
_c385.00
035 _aEN-118970
037 _bDBAD/PUB
082 _aN
100 _aRich, katherine russell
245 _aThe red devil:
_bto hell with cancer-and back/
_cby katherine russell rich
260 _anew delhi
_btranquebar press
_c2013
270 _a47,brij mohan road, daryaganj
_bnew delhi
_e110002
300 _a262p.
_c20cm(pbk)
_backnowledgement
942 _2ddc
_cEN
_mRIC
_hN